Förderale Gliederung Russlands - Statistiken

Allgemein
  • Dieses Quiz wurde 154 mal gespielt
  • Das Durchschnittsergebnis liegt bei 33 aus 81
Antwortstatistiken
Förderationssubjekte % Korrekt
Moskau
100%
Tschetschenien
67%
Wolgograd
67%
Kaliningrad
64%
Dagestan
61%
Murmansk
61%
Irkutsk
58%
Krasnodar
58%
Leningrad
58%
Omsk
58%
Rostow
58%
Sacha
58%
Tomsk
58%
Woronesch
58%
Krasnojarsk
55%
Nischni Nowgorod
55%
Orenburg
55%
Perm
55%
Twer
55%
Archangelsk
52%
Sankt Petersburg
52%
Samara
48%
Belgorod
45%
Kamtschatka
45%
Kursk
45%
Mari El
45%
Sachalin
45%
Amur
42%
Astrachan
42%
Jaroslawl
42%
Nenzen
42%
Nowgorod
42%
Nowosibirsk
42%
Smolensk
42%
Tatarstan
42%
Tjumen
42%
Tscheljabinsk
42%
Inguschetien
39%
Jamal-Nenzen
39%
Komi
39%
Magadan
39%
Tula
39%
Udmurtien
39%
Altai
36%
Brjansk
36%
Kemerowo
36%
Rjasan
36%
Saratow
36%
Tschuktschen
36%
Wladimir
36%
Wologda
36%
Adygeja
33%
Burjatien
33%
Chakassien
33%
Iwanowo
33%
Kalmückien
33%
Kaluga
33%
Karelien
33%
Lipezk
33%
Mordwinien
33%
Orjol
33%
Pensa
33%
Pskow
33%
Stawropol
33%
Swerdlowsk
33%
Tambow
33%
Tuwa
33%
Uljanowsk
33%
Chabarowsk
30%
Kurgan
30%
Primorje
30%
Tschuwaschien
30%
Kirow
27%
Chanten und Mansen
24%
Kostroma
24%
Jüdische Autonome Oblast
21%
Nordossetien-Alanien
21%
Kabardino-Balkarien
18%
Karatschai-Tscherkessien
18%
Transbaikalien
15%
Baschkortoskan
3%
Keine übereinstimmenden Quizze gefunden
Verteilung der Resultate
Anzahl Personen mit jedem Resultat
Perzentil nach korrekt beantworteten Fragen
Ihre Resultats-Entwicklung
Sie haben dieses Quiz noch nicht gespielt